Building Safety Regime (Record no. 121630)

MARC details
000 -LEADER
fixed length control field 00784nam a22002057a 4500
008 - FIXED-LENGTH DATA ELEMENTS--GENERAL INFORMATION
fixed length control field 230724s2023 xxk|||||o|||| 00| 0 eng d
041 ## - LANGUAGE CODE
Language code of text/sound track or separate title eng
245 ## - TITLE STATEMENT
Title Building Safety Regime
300 ## - PHYSICAL DESCRIPTION
Physical description 24p.
500 ## - GENERAL NOTE
General note Will be updated as and when changes to the legislation are made.
520 ## - ABSTRACT
Abstract Build UK has published a building safety guide, which explains how the Building Safety Act 2022 (BSA 2022) is changing the building safety regime.
650 ## - KEYWORDS
Keywords BUILDING SAFETY ACT 2022
650 ## - KEYWORDS
Keywords FIRE SAFETY
651 ## - SUBJECT ADDED ENTRY--GEOGRAPHIC NAME
Geographic name United Kingdom
690 ## - BROAD SUBJECT
9 (RLIN) 6244
Broad subject Health and safety
690 ## - BROAD SUBJECT
9 (RLIN) 6222
Broad subject Building control
710 ## - ADDED CORPORATE NAME
Added corporate author Build UK
856 ## - ONLINE RESOURCE
Uniform Resource Identifier <a href="https://builduk.org/wp-content/uploads/2023/01/Building-Safety-Regime.pdf">https://builduk.org/wp-content/uploads/2023/01/Building-Safety-Regime.pdf</a>
Public note Available on Build UK website
942 ## - ADDED ENTRY ELEMENTS (KOHA)
Suppress in OPAC Do not suppress in OPAC
Holdings
Lost status Damaged status Not for loan Home library Current library Shelving location Date acquired Total Checkouts Full call number Date last seen Price effective from Koha item type
      Virtual Virtual Online 24/07/2023   ONLINE PUBLICATION 24/07/2023 24/07/2023 Online material